000 01023cab a22002415a 4500
001 L140819
008 071012s2007 xxk f 000 0 eng d
035 _a(Sirsi) u140819
041 0 _aeng
100 1 _aMills, John
245 0 0 _aHow to avoid being an HMO
260 _c2007
490 _aNews on the Block
_v35, 26-27(2)
520 _aConsiders the effect of new legislation applying to Houses of Multiple Occupation (HMOs). Explains the definition of a S257 HMO within the Housing Act 2004. If residential blocks meet these conditions then higher management standards are required. Explains methods of ensuring that residential premises stay outside of this definition. Also considers the future for S257 HMOs.
590 _aKA
650 2 4 _aHOUSING ACT 2004 PART II
650 2 4 _aHOUSING ACT 2004 S257
650 2 4 _aBUILDING REGULATIONS 1992
650 2 4 _aBUILDING REGULATIONS 2000
651 4 _aUnited Kingdom
_y
690 _aPROPERTY-RESIDENTIAL PROPERTY-RESIDENTIAL PROPERTY MANAGEMENT
942 _n0
999 _c79358
_d79358